000 01305cam a2200349 a 4500
001 545549
005 20260413170209.0
008 880324t19851981ii 001 0 eng
035 _a545549
906 _a7
_bcbc
_corignew
_d4
_encip
_f19
_gy-gencatlg
010 _a 87905508
025 _aI E 56319
035 _9(DLC) 87905508
040 _aDLC
_cDLC
_dDLC
050 0 0 _aZ694.15.A55
_bK75 1981
082 0 0 _a025.3/2
_220
100 0 _aKrishan Kumar,
_d1933-
245 1 3 _aAn introduction to cataloguing practice /
_cKrishan Kumar.
260 _aNew Delhi :
_bVikas Pub. House,
_c1985, c1981.
300 _avi, 298 p. ;
_c22 cm.
336 _atext
_btxt
_2rdacontent
337 _aunmediated
_bn
_2rdamedia
338 _avolume
_bnc
_2rdacarrier
600 1 0 _aRanganathan, S. R.
_q(Shiyali Ramamrita),
_d1892-1972.
_tClassified catalogue code.
630 0 0 _aAnglo-American cataloging rules (North American text)
650 0 _aDescriptive cataloging
_xRules.
922 _afa
985 _eAPIF/ODE
991 _bc-GenColl
_hZ694.15.A55
_iK75 1981
_p00015211544
_tCopy 1
_wBOOKS
999 f f _ide4726b3-ce39-5725-8e26-186322c9c1e4
_s1792dcea-c8fd-4f3b-b07c-57e2624358c1
_c7847
_d7847